000
00300nam a2200121Ia 4500
008
190216s9999||||xx |||||||||||||| ||und||
100
_a
Sunith Shukla
245
0
_a
Hindi-Vishwa Yevam Bharath Ka Mughal
260
_b
Senpuri Publishing House
_c
2009
300
_a
386
650
_a
Hindi
942
_c
BK
999
_c
16915
_d
16915